000 00468nam a2200169Ia 4500
008 090201s9999 xx 000 0 und d
010 _aKPL-10068
040 _bमराठी
041 _aमराठी
082 _a44996
_b10068
100 _aव पु काळे
245 _aवलय
_cव पु काळे
260 _c2005
_bभारतीय ग्रंथ भवन
300 _a186
_bमोठा
600 _aवलय
942 _cBOOK
999 _c241968
_d241968